Ľutovanie distributérov Iba vlastný rozum "núti" vybaviť si živnosť a kráčať americkou cestou obchodu

Vstup firmy Amway na Slovensko. Predaj výrobkov firmy Amway formou sieťového marketingu. Vzťahy medzi distributérom a firmou Amway. Otázky, či ide a lebo nejde o podnikanie. Spochybňovanie dobrovoľnosti a nezávislosti distributéra podľa Živnostenského úradu v Bratislave I. Celosvetový maloobchodný o...

Ausführliche Beschreibung

Gespeichert in:
Bibliographische Detailangaben
1. Verfasser: Seifertová, Iveta
Format: Buchkapitel
Sprache:Slowakisch
Schlagworte:
Tags: Tag hinzufügen
Keine Tags, Fügen Sie das erste Tag hinzu!

MARC

LEADER 00000naa a2200000 4500
001 r017518
005 20221213100455.8
041 0 |a slo 
044 |a SK 
245 1 0 |a Ľutovanie distributérov  |b Iba vlastný rozum "núti" vybaviť si živnosť a kráčať americkou cestou obchodu  |c I. Seifertová 
520 |a Vstup firmy Amway na Slovensko. Predaj výrobkov firmy Amway formou sieťového marketingu. Vzťahy medzi distributérom a firmou Amway. Otázky, či ide a lebo nejde o podnikanie. Spochybňovanie dobrovoľnosti a nezávislosti distributéra podľa Živnostenského úradu v Bratislave I. Celosvetový maloobchodný obrat Amway. 
610 2 0 |a AMWAY 
610 2 0 |a Slovensko 
610 2 0 |a marketing sieťový 
610 2 0 |a marketing priamy 
610 2 0 |a obrat maloobchodný 
610 2 0 |a predajcovia 
610 2 0 |a živnosti 
610 2 0 |a vzťahy dodávateľsko-odberateľské 
100 1 |a Seifertová, Iveta